| 000 | 01651nam1a2200325 i 4500 | ||
|---|---|---|---|
| 001 | RU\NLR\bibl\1714256 | ||
| 005 | 20260407071832.0 | ||
| 035 | _a(NLR Aleph) 001705270 | ||
| 090 |
_a1245860 _c1245860 |
||
| 100 | _a20101215g20099999u y0rusy50 ca | ||
| 101 | 0 | _arus | |
| 102 | _aRU | ||
| 105 | _a||||c ||||| | ||
| 200 | 1 |
_aГород Нижневартовск _eбиблиографический указатель _fМуницип. учреждение "Библ.-информ. система" _g[сост.: М.Е. Борисенко, С.Ю. Распопова _gгл. ред.: Л.Е. Ковалева] |
|
| 210 |
_aНижневартовск _cИздательский дом "Югорский" _d2009 |
||
| 215 | _d20 | ||
| 463 | 0 | _10011706453 | |
| 607 |
_aНижневартовск, город (Ханты-Мансийский автономный округ-Югра) _jБиблиография _92273192 _3RU\NLR\auth\661362384 |
||
| 686 | 1 | _aЯ131(2Р-4Тю-6Х) | |
| 686 | 1 | _aД890(2Р53-4Тю-2)я1 | |
| 702 | 1 |
_aБорисенко _bМ. Е. _4220 |
|
| 702 | 1 |
_4340 _8rus _7ca _aКовалева _bЛ. Е. _cбиблиотекарь _gЛюдмила Евгеньевна _3RU\NLR\auth\7796678 _979604 |
|
| 712 | 0 | 2 |
_4570 _a"Библиотечно-информационная система", нижневартовское муниципальное учреждение _3RU\NLR\AUTH\8810035489 _9569330 |
| 801 | 0 |
_aRU _bNLR _c20101215 _gRCR |
|
| 801 | 1 |
_aRU _bNLR _c20101215 |
|
| 852 |
_aNLR _bС _j2010-1/344 |
||
| 942 | _cBOOK | ||